Výber makroekonomických ukazovateľov ovplyvňujúcich udržateľnosť stanovených maastrichstkých kritérií a konvergenčných kritérií v Slovenskej republike
Hypotézy, ktoré ekonometricky potvrdzujú vzájomný teoretický vzťah medzi zamestnanosťou a úsporami v domácnostiach. Zistenia a vzniknuté odhady v náraste úspor domácností. Spotreba domácností. Prejavy zníženia hrubého domáceho disponibilného dôchodku. Významnosť modelov na základe uskutočnených test...
Gespeichert in:
| 1. Verfasser: | |
|---|---|
| Format: | Buchkapitel |
| Sprache: | Slowakisch |
| Schlagworte: | |
| Tags: |
Keine Tags, Fügen Sie das erste Tag hinzu!
|
MARC
| LEADER | 00000naa$a2200000$$$4500 | ||
|---|---|---|---|
| 001 | 0115524 | ||
| 005 | 20240502072303.9 | ||
| 041 | 0 | |a slo | |
| 044 | |a SK | ||
| 245 | 1 | 0 | |a Výber makroekonomických ukazovateľov ovplyvňujúcich udržateľnosť stanovených maastrichstkých kritérií a konvergenčných kritérií v Slovenskej republike |c Milada Bartánusová |
| 520 | |a Hypotézy, ktoré ekonometricky potvrdzujú vzájomný teoretický vzťah medzi zamestnanosťou a úsporami v domácnostiach. Zistenia a vzniknuté odhady v náraste úspor domácností. Spotreba domácností. Prejavy zníženia hrubého domáceho disponibilného dôchodku. Významnosť modelov na základe uskutočnených testov. | ||
| 610 | 2 | 0 | |a ekonometria |
| 610 | 2 | 0 | |a analýza ekonometrická |
| 610 | 2 | 0 | |a funkcie produkčné ekonometrické |
| 610 | 2 | 0 | |a metódy ekonometrické |
| 610 | 2 | 0 | |a ukazovatele makroekonomické |
| 610 | 2 | 0 | |a Slovensko |
| 610 | 2 | 0 | |a dôchodok národný |
| 100 | 1 | |a Bartánusová, Milada | |